Historia del hipismo dominicano (Record no. 6497)

MARC details
000 -LEADER
campo de control de longitud fija 00761nam a22002177a 4500
001 - NÚMERO DE CONTROL
campo de control 25559
005 - FECHA Y HORA DE LA ÚLTIMA TRANSACCIÓN
campo de control 20250522045736.0
008 - DATOS DE LONGITUD FIJA--INFORMACIÓN GENERAL
campo de control de longitud fija 5230202004 dr a
020 ## - NÚMERO INTERNACIONAL ESTÁNDAR DEL LIBRO
Número Internacional Estándar del Libro 99934-22-52-5
082 ## - NÚMERO DE LA CLASIFICACIÓN DECIMAL DEWEY
Número de clasificación RD 798.40097293 M52h
100 ## - ENTRADA PRINCIPAL--NOMBRE DE PERSONA
Nombre de persona Mena García, Luis.
245 ## - MENCIÓN DEL TÍTULO
Título Historia del hipismo dominicano
Mención de responsabilidad, etc. Luis Mena García.
260 ## - PUBLICACIÓN, DISTRIBUCIÓN, ETC.
Lugar de publicación, distribución, etc. Santo Domingo, República Dominicana :
Nombre del editor, distribuidor, etc. Editora Nuevo Diario
Fecha de publicación, distribución, etc. 2004
300 ## - DESCRIPCIÓN FÍSICA
Extensión t. :
Otros detalles físicos il. ;
Dimensiones 23 cm.
500 ## - NOTA GENERAL
Nota general Este Libro contiene 2 tomos; Pero en la Biblioteca solo se encuentra el Tomo I.
505 ## - NOTA DE CONTENIDO CON FORMATO
Nota de contenido con formato Tomo I: 1909-1960
650 ## - PUNTO DE ACCESO ADICIONAL DE MATERIA--TÉRMINO DE MATERIA
Término de materia o nombre geográfico como elemento de entrada 1.Deportes Ecuestre -- Historia -- República Dominicana
650 ## - PUNTO DE ACCESO ADICIONAL DE MATERIA--TÉRMINO DE MATERIA
Término de materia o nombre geográfico como elemento de entrada 2.Hípica
650 ## - PUNTO DE ACCESO ADICIONAL DE MATERIA--TÉRMINO DE MATERIA
Término de materia o nombre geográfico como elemento de entrada 3.Carrera de Caballo -- República Dominicana
700 ## - ENTRADA AGREGADA--NOMBRE PERSONAL
Nombre de persona I. Título
Holdings
Estatus retirado Estado de pérdida Estado de daño No para préstamo Colección Biblioteca de origen Biblioteca actual Fecha de adquisición Total de préstamos Signatura topográfica completa Código de barras Visto por última vez Copia número Precio de reemplazo Tipo de ítem Koha
        Acervo general de Libros Biblioteca Central Mons. Favio M. Rivas S. Biblioteca Central Mons. Favio M. Rivas S. 05/07/2021   RD 798.40097293 M52h 000000009004 23/05/2025 1 23/05/2025 Libros